<The> Impact of comparative advantages of the Slovak Republic in foreign market entry

Guardado en:
Detalles Bibliográficos
Autor principal: Kašťáková, Elena, 1974-
Otros Autores: Ružeková, Viera, 1957-, Žatko, Matúš, 1991-
Formato: Capítulo de libro
Lenguaje:inglés
Materias:
Etiquetas: Agregar Etiqueta
Sin Etiquetas, Sea el primero en etiquetar este registro!

MARC

LEADER 00000nla a2200000 4500
001 0228959
005 20240531123800.1
041 0 |a eng 
044 |a SK 
245 1 0 |a <The> Impact of comparative advantages of the Slovak Republic in foreign market entry  |c Elena Kašťáková, Viera Ružeková, Matúš Žatko 
610 2 0 |a obchod zahraničný 
610 2 0 |a vývoz 
610 2 0 |a produkty 
610 2 0 |a komodity 
610 2 0 |a výhody konkurenčné 
610 2 0 |a trh zahraničný 
610 2 0 |a Slovensko 
100 1 |a Kašťáková, Elena, 1974- 
700 1 |a Ružeková, Viera, 1957- 
700 1 |a Žatko, Matúš, 1991-